000 01218nam a2200277 i 4500
001 bg
245 0 0 _aZintegrowany monitoring środowiska przyrodniczego =
_bItnegrated [!] monitoring of the natural environment : stacja bazowa Wigry (Wigierski Park Narodowy) : base station Wigry (Wigry National Park) /
_cpod red. Lecha Krzysztofiaka ; Państwowa Inspekcja Ochrony Środowiska, Wigierski Park Narodowy.
246 1 1 _aIntegrated monitoring of the natural environment
260 _aWarszawa :
_bPIOŚ,
_c1997.
300 _a[2], 154 s. :
_bfot. (w tym kolor.), mapy, wykr. ;
_c24 cm.
490 1 _aBiblioteka Monitoringu Środowiska
504 _aBibliogr. przy rozdz.
650 9 _aŚrodowisko człowieka
_xhigiena i ochrona
_zPolska
_yod 1989 r.
651 9 _aWigierski Park Narodowy
_xhigiena
700 1 _aKRZYSZTOFIAK, Lech.
_erd
711 2 _aPaństwowa Inspekcja Ochrony Środowiska (Warszawa)
_eInst. sprawcza
711 2 _aWigierski Park Narodowy (Wigry)
_eInst. sprawcza
830 _aBiblioteka Monitoringu Środowiska
020 _a8387166855
040 _cBPK
041 0 _apl
080 _a502.6(438)
920 _a83-87166-85-5
942 _cKS
008 s pl f |000 0 pol
999 _c32554
_d32554
856 _uhttp://koha.tu.koszalin.pl/cgi-bin/koha/opac-detail.pl?biblionumber=32554
_yKatalog online BPK